Flags of Religions Quiz - Statistics

General Stats
  • This quiz has been taken 26 times
  • The average score is 8 of 16
Answer Stats
Picture Answer % Correct
Islam
100%
Judaism
91%
Hinduism
86%
Christianity
82%
Shintoism
77%
Buddhism
55%
Sikhism
55%
Taoism
55%
Zoroastrianism
41%
Jainism
36%
Druze
27%
Baháʼí Faith
23%
Confucianism
23%
Mormonism
18%
Paganism
14%
Caodaism
5%
No matching quizzes found
Score Distribution
Percent of People with Each Score
Percentile by Number Answered
Your Score History
You have not taken this quiz